LEADER 05577 am 2200997 n 450 001 9910416490503321 005 20130130 010 $a2-8218-2830-6 024 7 $a10.4000/books.igpde.926 035 $a(CKB)4340000000013114 035 $a(FrMaCLE)OB-igpde-926 035 $a(oapen)https://directory.doabooks.org/handle/20.500.12854/50252 035 $a(PPN)267965842 035 $a(EXLCZ)994340000000013114 100 $a20130213j|||||||| ||| 0 101 0 $afre 135 $auu||||||m|||| 181 $ctxt$2rdacontent 182 $cc$2rdamedia 183 $acr$2rdacarrier 200 14$aLes ingénieurs des Mines : cultures, pouvoirs, pratiques $eColloque des 7 et 8 octobre 2010 /$fAnne-Françoise Garçon, Bruno Belhoste 210 $aParis $cInstitut de la gestion publique et du développement économique$d2013 215 $a1 online resource (484 p.) 311 $a2-11-128745-8 330 $aLes grands corps de l?État n?ont pas toujours bonne presse, mais, en même temps, ils fascinent. Créé au XVIIIe siècle, le corps des Mines n?a cessé de contribuer à la construction économique du pays. Passés par l?École polytechnique et l?École des mines, les ingénieurs du corps ont surveillé et, souvent, directement encadré les secteurs de l?industrie et de l?énergie. Ils ont également joué un rôle éminent dans le domaine scientifique, leurs contributions allant des sciences « dures » (mathématiques et physique, avec Henri Poincaré, chimie avec Henry Le Chatelier) à l?économie, avec Maurice Allais, le seul Français ayant reçu le prix Nobel d?économie, et aussi la sociologie, avec Frédéric Le Play, considéré comme l?un des précurseurs de cette discipline. Industriel dans son essence, industrialiste dans son esprit, ce corps de fonctionnaires a souvent adopté des approches libérales, mais, a contrario, il a souvent impulsé un patriotisme économique de bon aloi dans le cadre de « grands programmes » d?État. Il restait à la richesse de cette expérience, à la fois technique, scientifique et administrative, à se constituer en histoire, à se « conscientiser ». Telle était l?ambition du colloque dont les actes sont présentés dans ce volume. Organisé dans le cadre de la célébration du deux centième anniversaire du décret du 18 novembre 1810 qui a organisé le « Corps impérial des Ingénieurs des Mines », ce colloque historique s?est attaché à mettre en lumière le rôle joué au service de la France par ces hauts fonctionnaires à formation scientifique et technique. The senior civil service branches do not always get a good press, but they are fascinating subjects. The Civil Service Engineering Corps has worked tirelessly on the country?s economic construction ever since it was first set up in the 18th century. Civil service engineers, trained at the Ecole Polytechnique institute of technology and the Ecole des Mines national post-graduate engineering school, have supervised? 517 $aingénieurs des Mines 517 $aingénieurs des Mines 606 $aIndustrial policy$zFrance$xHistory$vCongresses 606 $aMining engineers$zFrance$xHistory$vCongresses 606 $aEngineering$zFrance$xHistory$vCongresses 606 $aPublic works$zFrance$xHistory$vCongresses 610 $aÉcole polytechnique 610 $aindustrie 610 $agéologie 610 $aingénieurs 610 $asciences 610 $amines 610 $anucléaire 610 $aénergie 610 $aouvriers mineurs 610 $aenvironnement 610 $aressources minérales 610 $asécurité 615 0$aIndustrial policy$xHistory 615 0$aMining engineers$xHistory 615 0$aEngineering$xHistory 615 0$aPublic works$xHistory 700 $aAppert$b Olivier$01179385 701 $aArmatte$b Michel$01307689 701 $aBelhoste$b Bruno$053612 701 $aBeltran$b Alain$0139650 701 $aBoullet$b Daniel$01307690 701 $aBryden$b Alan$01129712 701 $aChancerel$b Pierre$01307691 701 $aChick$b Martin$0141600 701 $aCouveinhes$b Pierre$01307692 701 $aDab$b William$01115003 701 $aDefrance$b Gustave$01307693 701 $aEscudier$b Jean-Louis$01234018 701 $aFaure$b Pascal$01307694 701 $aFoasso$b Cyrille$01307695 701 $aGarçon$b Anne-Françoise$01282285 701 $aGaudin$b Thierry$0895499 701 $aJoly$b Hervé$01217278 701 $aLaboulais$b Isabelle$01236310 701 $aLatty$b Lionel$01307696 701 $aLespinet-Moret$b Isabelle$01307697 701 $aLetté$b Michel$01299136 701 $aMoatti$b Alexandre$01287397 701 $aOury$b Jean-Marc$089292 701 $aPassaqui$b Jean-Philippe$01299746 701 $aRochat$b Jean$01307698 701 $aSamson$b Stéphanie$01307699 701 $aStoffaes$b Christian$0109531 701 $aVogel$b Jakob$01307700 701 $aGarçon$b Anne-Françoise$01282285 701 $aBelhoste$b Bruno$053612 712 02$aFrance.$bMiniste?re de l'e?conomie et des finances, 712 02$aFrance.$bMiniste?re du commerce exte?rieur, 712 02$aFrance.$bMiniste?re du redressement productif, 712 02$aFrance.$bMiniste?re du commerce, de l'artisanat et du tourisme, 801 0$bFR-FrMaCLE 906 $aBOOK 912 $a9910416490503321 996 $aLes ingénieurs des Mines : cultures, pouvoirs, pratiques$93028995 997 $aUNINA LEADER 03525nam 2200385z- 450 001 9910516106103321 005 20231214141225.0 035 $a(CKB)5700000000003113 035 $a(oapen)https://directory.doabooks.org/handle/20.500.12854/75180 035 $a(EXLCZ)995700000000003113 100 $a20202201d2021 |y 0 101 0 $ager 135 $aurmn|---annan 181 $ctxt$2rdacontent 182 $cc$2rdamedia 183 $acr$2rdacarrier 200 10$aG-IQI ? German Inpatient Indicators Version 5.3$eBundesreferenzwerte für das Auswertungsjahr 2019 210 $aBerlin$d2021 215 $a1 electronic resource (493 p.) 225 1 $aWorking papers in health services research 311 $a3-7983-3240-1 330 $aThe German Inpatient Quality Indicators (G-IQI) are the most comprehensive system of quality indicators based on administrative data. G-IQI allow a disease-specific monitoring of inpatient care in acute care hospitals. On the one hand, the indicators are designed to provide medically meaningful figures on hospital performance and outcomes for external users. On the other hand, the indicators serve as a tool for internal quality management and quality improvement in hospital care. The indicators may help hospitals to identify potential for improvement by comparing their own results with national figures. The indicators serve as triggers for peer reviews or morbidity and mortality conferences. Thus, the use of the indicators is essential to detect medical errors and to improve quality of care. The present working paper contains the German national reference values of the year 2019 for the G-IQI version 5.3. Reference values were calculated by using the microdata of the national hospital statistics database (DRG statistics) and are displayed for each indicator. The technical specifications of the indicators are attached in the appendix of this paper and refer to the German coding systems valid in 2021. The G-IQI version 5.3 represents a modification and expansion of the previous version 5.2. In the year of analysis 2019, the present G-IQI version 5.3 captures 52.8% of all inpatient cases and 80.0% of all in-hospital deaths. Thereby, the G-IQI version 5.3 achieves one of the highest coverages among available quality indicator systems. The national reference values of the indicators help hospitals to assess their own results as compared to national figures. Beyond that, the national reference values provide a comprehensive analysis of inpatient care in German acute care hospitals. In addition to the complete national indicator results, the age-and-sex specific mortality figures that are used to calculate expected deaths at the hospital level are displayed. Furthermore, distribution of case volume among hospitals is illustrated for selected indicators. By this means, the present working paper covers various figures which are not published by any other statistics and, thus, complements other systems of health care reporting. 517 $aG-IQI – German Inpatient Indicators Version 5.3 517 $aG-IQI ? German Inpatient Indicators Version 5.3 610 $aG-IQI 610 $aquality measurement 610 $aquality management 610 $ahospital 610 $aGerman DRG statistics 700 $aNimptsch$b Ulrike$4auth$01278512 702 $aMansky$b Thomas$4auth 906 $aBOOK 912 $a9910516106103321 996 $aG-IQI ? German Inpatient Indicators Version 5.3$93038322 997 $aUNINA